[Event "PMPJ 2022 - C15"]
[Site "Jastrzebia Gora"]
[Date "2022.11.06"]
[Round "1.7"]
[White "Wierzbicki, Dawid"]
[Black "Borowik, Karol"]
[Result "1-0"]
[BlackElo "1451"]
[WhiteElo "1732"]
[LiveChessVersion "1.4.4"]

1. e4 {[%clk 1:30:56]} c5 {[%clk 1:30:55]} 2. Nf3 {[%clk 1:31:01]} Nc6
{[%clk 1:31:18]} 3. c3 {[%clk 1:29:40]} d5 {[%clk 1:30:47]} 4. exd5
{[%clk 1:29:23]} Qxd5 {[%clk 1:31:11]} 5. Na3 {[%clk 1:28:58]} e6
{[%clk 1:26:38]} 6. Be2 {[%clk 1:26:45]} Nf6 {[%clk 1:26:01]} 7. d4
{[%clk 1:22:05]} cxd4 {[%clk 1:09:10]} 8. Nb5 {[%clk 1:15:15]} Qd8
{[%clk 1:05:37]} 9. Nbxd4 {[%clk 1:14:07]} Nxd4 {[%clk 0:52:32]} 10. Nxd4
{[%clk 1:12:56]} a6 {[%clk 0:50:04]} 11. Bg5 {[%clk 1:09:33]} Be7
{[%clk 0:47:12]} 12. O-O {[%clk 1:06:08]} O-O {[%clk 0:44:11]} 13. Bf3
{[%clk 1:04:22]} Qc7 {[%clk 0:41:26]} 14. Qc2 {[%clk 0:55:49]} Bd6
{[%clk 0:25:07]} 15. Bxf6 {[%clk 0:31:59]} gxf6 {[%clk 0:21:53]} 16. g3
{[%clk 0:32:05]} Be5 {[%clk 0:16:11]} 17. Rad1 {[%clk 0:30:18]} f5
{[%clk 0:13:48]} 18. Rfe1 {[%clk 0:28:55]} Bg7 {[%clk 0:09:22]} 19. Bg2
{[%clk 0:28:44]} Rb8 {[%clk 0:07:54]} 20. Qd2 {[%clk 0:28:29]} e5
{[%clk 0:01:54]} 21. Nf3 {[%clk 0:27:28]} Be6 {[%clk 0:01:34]} 22. Qc2
{[%clk 0:25:55]} h6 23. Nh4 {[%clk 0:25:10]} e4 {[%clk 0:00:45]} 24. f3
{[%clk 0:25:15]} Qb6+ {[%clk 0:00:47]} 25. Qf2 {[%clk 0:25:05]} Qxf2+
{[%clk 0:00:58]} 26. Kxf2 {[%clk 0:25:30]} Bxa2 {[%clk 0:00:39]} 27. Nxf5
{[%clk 0:24:52]} exf3 {[%clk 0:00:56]} 28. Bxf3 {[%clk 0:25:16]} Be6
{[%clk 0:01:05]} 29. Nxg7 {[%clk 0:24:53]} Kxg7 {[%clk 0:01:33]} 30. Rd6
{[%clk 0:25:11]} Rfd8 {[%clk 0:00:37]} 31. Red1 {[%clk 0:25:28]} Rxd6
{[%clk 0:00:51]} 32. Rxd6 {[%clk 0:25:56]} b6 {[%clk 0:01:08]} 33. Ke3
{[%clk 0:23:59]} a5 {[%clk 0:00:33]} 34. Be2 {[%clk 0:23:56]} Kf6
{[%clk 0:00:41]} 35. Kf4 {[%clk 0:23:52]} b5 {[%clk 0:00:31]} 36. Ra6
{[%clk 0:23:49]} a4 {[%clk 0:00:33]} 37. Ra5 {[%clk 0:24:16]} Bd7
{[%clk 0:00:54]} 38. Ra7 {[%clk 0:24:34]} Be6 {[%clk 0:01:13]} 39. Ra5
{[%clk 0:23:55]} Bd7 {[%clk 0:01:32]} 40. Ra6+ {[%clk 0:22:33]} Be6
{[%clk 0:01:50]} 41. g4 {[%clk 0:22:18]} Rb7 {[%clk 0:01:02]} 42. h4
{[%clk 0:22:30]} Rb8 {[%clk 0:00:41]} 43. Bd3 {[%clk 0:21:41]} Rb7
{[%clk 0:00:34]} 44. Bf5 {[%clk 0:20:50]} Ke7 {[%clk 0:00:34]} 45. Bxe6
{[%clk 0:21:02]} fxe6 {[%clk 0:01:01]} 46. Ke5 {[%clk 0:21:30]} b4
{[%clk 0:00:56]} 47. Rxe6+ {[%clk 0:21:24]} Kf8 {[%clk 0:00:59]} 48. Ra6
{[%clk 0:17:53]} a3 {[%clk 0:00:37]} 49. bxa3 {[%clk 0:16:13]} b3
{[%clk 0:00:56]} 50. Rf6+ {[%clk 0:16:38]} Kg7 {[%clk 0:01:17]} 51. Rf1
{[%clk 0:17:05]} Ra7 {[%clk 0:01:02]} 52. c4 {[%clk 0:16:31]} Rxa3
{[%clk 0:00:58]} 53. c5 {[%clk 0:16:57]} b2 {[%clk 0:00:43]} 54. Rb1
{[%clk 0:17:23]} Rc3 {[%clk 0:00:44]} 55. Kd6 {[%clk 0:16:53]} Rc2
{[%clk 0:00:44]} 56. c6 {[%clk 0:17:05]} Rd2+ {[%clk 0:00:33]} 57. Kc7
{[%clk 0:16:42]} Kf7 {[%clk 0:00:43]} 58. Kb7 {[%clk 0:16:57]} Ke7
{[%clk 0:00:36]} 59. c7 {[%clk 0:17:22]} Rd7 {[%clk 0:01:00]} 60. Rxb2 Rxc7+
{[%clk 0:01:00]} 61. Kxc7 {[%clk 0:17:47]} Kf7 {[%clk 0:01:24]} 62. Rb6
{[%clk 0:18:06]} Kg7 {[%clk 0:01:48]} 63. Kd6 {[%clk 0:18:32]} h5
{[%clk 0:02:14]} 64. g5 {[%clk 0:18:57]} 1-0

[Event "PMPJ 2022 - C15"]
[Site "Jastrzebia Gora"]
[Date "2022.11.06"]
[Round "1.8"]
[White "Grabowski, Wojciech"]
[Black "Duda, Szymon"]
[Result "0-1"]
[BlackElo "1697"]
[WhiteElo "1448"]
[LiveChessVersion "1.4.4"]

1. d4 {[%clk 1:30:56]} Nf6 {[%clk 1:30:41]} 2. Bf4 {[%clk 1:31:03]} c5
{[%clk 1:30:44]} 3. e3 {[%clk 1:30:27]} Qb6 {[%clk 1:28:50]} 4. b3
{[%clk 1:24:51]} e6 {[%clk 1:26:00]} 5. c3 {[%clk 1:22:30]} Nc6 {[%clk 1:20:33]}
6. h3 {[%clk 1:18:59]} Be7 {[%clk 1:15:00]} 7. Bd3 {[%clk 1:17:53]} O-O
{[%clk 1:11:27]} 8. Nf3 {[%clk 1:17:49]} Rd8 {[%clk 1:04:10]} 9. Qc2
{[%clk 1:15:30]} h6 {[%clk 1:00:58]} 10. Nbd2 {[%clk 1:13:36]} d5
{[%clk 1:01:06]} 11. a3 {[%clk 1:07:38]} a5 {[%clk 0:55:18]} 12. O-O
{[%clk 1:05:05]} Bd7 {[%clk 0:54:58]} 13. Rfb1 {[%clk 0:59:14]} cxd4
{[%clk 0:53:31]} 14. cxd4 {[%clk 0:58:53]} Bxa3 {[%clk 0:34:19]} 15. Rxa3
{[%clk 0:51:45]} Nb4 {[%clk 0:34:31]} 16. Qc7 {[%clk 0:47:30]} Qxc7
{[%clk 0:34:11]} 17. Bxc7 {[%clk 0:47:51]} Rdc8 {[%clk 0:34:11]} 18. Rxa5
{[%clk 0:43:39]} Rxa5 {[%clk 0:32:48]} 19. Bxa5 {[%clk 0:44:01]} Nxd3
{[%clk 0:33:15]} 20. b4 {[%clk 0:29:49]} Rc2 {[%clk 0:15:35]} 21. b5
{[%clk 0:14:10]} Rc1+ {[%clk 0:08:51]} 22. Rxc1 {[%clk 0:14:08]} Nxc1
{[%clk 0:09:18]} 23. b6 {[%clk 0:13:44]} Bb5 {[%clk 0:07:19]} 24. Ne5
{[%clk 0:11:18]} Kf8 {[%clk 0:06:32]} 25. f3 {[%clk 0:05:21]} Ke8
{[%clk 0:06:12]} 26. Kf2 {[%clk 0:04:38]} Nd7 {[%clk 0:05:55]} 27. Nxd7
{[%clk 0:02:51]} Kxd7 {[%clk 0:06:11]} 28. e4 {[%clk 0:03:01]} Nd3+
{[%clk 0:03:53]} 29. Ke3 {[%clk 0:03:13]} Ne1 {[%clk 0:03:25]} 30. Kf2
{[%clk 0:01:44]} Nc2 {[%clk 0:02:52]} 31. Nb3 {[%clk 0:00:41]} Bc4
{[%clk 0:03:08]} 32. Nd2 {[%clk 0:00:40]} Nxd4 {[%clk 0:01:21]} 33. Bc3
{[%clk 0:00:36]} e5 {[%clk 0:01:40]} 34. Nxc4 {[%clk 0:00:36]} dxc4
{[%clk 0:01:53]} 35. Ke3 {[%clk 0:00:53]} Nc6 {[%clk 0:01:35]} 36. f4
{[%clk 0:01:03]} exf4+ {[%clk 0:00:50]} 37. Kxf4 {[%clk 0:01:31]} g6
{[%clk 0:01:08]} 38. g4 {[%clk 0:01:12]} Kd6 {[%clk 0:00:33]} 39. Bg7
{[%clk 0:01:08]} Kc5 {[%clk 0:00:39]} 40. Bxh6 {[%clk 0:01:23]} Kd4
{[%clk 0:00:34]} 41. Bg7+ {[%clk 0:01:02]} Kd3 {[%clk 0:00:55]} 42. h4
{[%clk 0:00:40]} Nd4 {[%clk 0:00:55]} 43. h5 {[%clk 0:00:35]} gxh5
{[%clk 0:00:47]} 44. gxh5 {[%clk 0:00:52]} c3 {[%clk 0:01:01]} 45. Bh6
{[%clk 0:01:03]} c2 {[%clk 0:01:12]} 46. Kg3 {[%clk 0:00:33]} Nb3
{[%clk 0:01:25]} 47. Bc1 {[%clk 0:00:31]} Nxc1 {[%clk 0:01:49]} 48. h6
{[%clk 0:00:57]} Ne2+ {[%clk 0:02:16]} 0-1

[Event "PMPJ 2022 - C15"]
[Site "Jastrzebia Gora"]
[Date "2022.11.06"]
[Round "1.9"]
[White "Grzadka, Artur"]
[Black "Bochenek, Ryszard"]
[Result "0-1"]
[BlackElo "1437"]
[WhiteElo "1687"]
[LiveChessVersion "1.4.4"]

1. d4 {[%clk 1:30:57]} Nf6 {[%clk 1:30:55]} 2. c4 {[%clk 1:31:23]} g6
{[%clk 1:31:06]} 3. Nc3 {[%clk 1:31:46]} Bg7 {[%clk 1:31:32]} 4. e4
{[%clk 1:32:09]} d6 {[%clk 1:31:50]} 5. Nf3 {[%clk 1:32:29]} O-O {[%clk 1:31:29]}
6. Be3 {[%clk 1:32:50]} e5 {[%clk 1:28:00]} 7. d5 {[%clk 1:31:58]} a5
{[%clk 1:27:48]} 8. h3 {[%clk 1:32:12]} Na6 {[%clk 1:26:57]} 9. g4
{[%clk 1:31:16]} Nc5 {[%clk 1:26:38]} 10. Nd2 {[%clk 1:31:37]} c6
{[%clk 1:23:55]} 11. Be2 {[%clk 1:30:52]} Bd7 {[%clk 1:14:13]} 12. Qc2
{[%clk 1:19:43]} Ne8 {[%clk 1:06:12]} 13. g5 {[%clk 1:05:10]} f5 {[%clk 0:54:18]}
14. h4 {[%clk 1:02:01]} Na6 {[%clk 0:51:24]} 15. f3 {[%clk 0:59:09]} Nec7
{[%clk 0:47:18]} 16. Qb3 {[%clk 0:29:29]} Kh8 {[%clk 0:40:01]} 17. O-O-O
{[%clk 0:27:13]} cxd5 {[%clk 0:22:10]} 18. cxd5 {[%clk 0:26:18]} b5
{[%clk 0:20:28]} 19. Nxb5 {[%clk 0:22:24]} Nxb5 {[%clk 0:20:15]} 20. Bxb5
{[%clk 0:22:49]} Rb8 {[%clk 0:20:14]} 21. a4 {[%clk 0:22:35]} Nc7
{[%clk 0:18:11]} 22. Rdg1 {[%clk 0:17:28]} Bxb5 {[%clk 0:16:46]} 23. axb5
{[%clk 0:17:54]} Rxb5 {[%clk 0:17:11]} 24. Qa3 {[%clk 0:17:10]} f4
{[%clk 0:16:28]} 25. Bf2 {[%clk 0:16:56]} Na6 {[%clk 0:16:31]} 26. h5
{[%clk 0:16:48]} Kg8 {[%clk 0:16:37]} 27. hxg6 {[%clk 0:15:50]} hxg6
{[%clk 0:17:02]} 28. Kb1 {[%clk 0:15:01]} Rb4 {[%clk 0:14:23]} 29. Rc1
{[%clk 0:14:18]} Qb8 {[%clk 0:09:34]} 30. Rc6 {[%clk 0:11:12]} Nc7
{[%clk 0:08:32]} 31. Rhc1 {[%clk 0:08:04]} Nb5 {[%clk 0:07:38]} 32. Qxa5
{[%clk 0:07:06]} Nd4 {[%clk 0:07:20]} 33. Bxd4 {[%clk 0:06:59]} exd4
{[%clk 0:07:40]} 34. Nc4 {[%clk 0:03:07]} d3 {[%clk 0:04:23]} 35. Qa3
{[%clk 0:01:07]} Qb7 {[%clk 0:02:26]} 36. e5 {[%clk 0:00:52]} Ra8
{[%clk 0:00:35]} 37. Qxd3 {[%clk 0:01:07]} dxe5 {[%clk 0:00:47]} 38. Qe4
{[%clk 0:00:41]} Qa7 {[%clk 0:00:52]} 39. Rc3 {[%clk 0:00:39]} Qa2+
{[%clk 0:00:38]} 40. Kc2 {[%clk 0:00:59]} Qa4+ {[%clk 0:00:58]} 41. Kd2
{[%clk 0:00:55]} Rd8 {[%clk 0:00:47]} 42. d6 {[%clk 0:00:56]} Qa7
{[%clk 0:00:35]} 43. Kc2 {[%clk 0:00:35]} Qf2+ {[%clk 0:00:53]} 44. Kb1
{[%clk 0:00:55]} Rdb8 {[%clk 0:00:42]} 45. Qd5+ {[%clk 0:00:49]} Kh7
{[%clk 0:01:08]} 46. Rc2 {[%clk 0:01:12]} Qg1+ {[%clk 0:01:24]} 47. Ka2
{[%clk 0:00:43]} Ra4+ {[%clk 0:00:52]} 48. Na3 {[%clk 0:01:07]} Rxa3+
{[%clk 0:01:13]} 49. Kxa3 {[%clk 0:01:11]} Qa7+ {[%clk 0:01:36]} 0-1

[Event "PMPJ 2022 - C15"]
[Site "Jastrzebia Gora"]
[Date "2022.11.06"]
[Round "1.10"]
[White "Nawrocki, Michal"]
[Black "Sliz, Karol"]
[Result "1-0"]
[BlackElo "1678"]
[WhiteElo "1432"]
[LiveChessVersion "1.4.4"]

1. e4 {[%clk 1:30:52]} c5 {[%clk 1:30:52]} 2. Nf3 {[%clk 1:31:16]} Nc6
{[%clk 1:31:21]} 3. Bb5 {[%clk 1:31:18]} e6 {[%clk 1:30:44]} 4. O-O
{[%clk 1:31:36]} d6 {[%clk 1:30:06]} 5. c3 {[%clk 1:30:18]} Nge7 {[%clk 1:20:27]}
6. d4 {[%clk 1:27:07]} cxd4 {[%clk 1:19:27]} 7. cxd4 {[%clk 1:26:19]} d5
{[%clk 1:12:56]} 8. exd5 {[%clk 1:24:10]} Nxd5 {[%clk 1:12:49]} 9. Nc3
{[%clk 1:22:10]} Be7 {[%clk 1:11:36]} 10. Re1 {[%clk 1:19:19]} O-O 11. Bc4
{[%clk 1:15:10]} Nb6 {[%clk 1:06:31]} 12. Bd3 {[%clk 1:13:58]} Bf6
{[%clk 1:04:47]} 13. Be3 {[%clk 1:11:23]} Ne7 {[%clk 0:55:32]} 14. Ne4
{[%clk 1:08:00]} Nbd5 {[%clk 0:52:53]} 15. Nxf6+ {[%clk 1:02:40]} Nxf6
{[%clk 0:52:59]} 16. Bg5 {[%clk 1:03:01]} Ned5 {[%clk 0:53:18]} 17. Ne5
{[%clk 1:02:55]} Qd6 {[%clk 0:41:35]} 18. Qf3 {[%clk 0:57:22]} Qb4
{[%clk 0:30:56]} 19. Red1 {[%clk 0:56:28]} h6 {[%clk 0:29:42]} 20. a3
{[%clk 0:56:46]} Qb6 {[%clk 0:28:23]} 21. Bh4 {[%clk 0:50:57]} Bd7
{[%clk 0:22:58]} 22. Be4 {[%clk 0:45:12]} Ba4 {[%clk 0:15:42]} 23. Rd2
{[%clk 0:37:45]} Nxe4 {[%clk 0:13:50]} 24. Qxe4 {[%clk 0:38:06]} Rac8
{[%clk 0:12:14]} 25. h3 {[%clk 0:36:41]} Bc6 {[%clk 0:10:18]} 26. Qd3
{[%clk 0:32:19]} Nf4 {[%clk 0:07:58]} 27. Qg3 {[%clk 0:32:32]} Nd5
{[%clk 0:06:54]} 28. Nc4 {[%clk 0:31:26]} Qc7 {[%clk 0:06:25]} 29. Nd6
{[%clk 0:30:09]} Rb8 {[%clk 0:05:51]} 30. Rc1 {[%clk 0:29:43]} Ne7
{[%clk 0:04:41]} 31. Nf5 {[%clk 0:29:41]} Nxf5 {[%clk 0:01:51]} 32. Qxc7
{[%clk 0:30:00]} Nxh4 {[%clk 0:02:17]} 33. Rxc6 {[%clk 0:29:38]} bxc6
{[%clk 0:02:34]} 34. Qxa7 {[%clk 0:30:03]} Rb5 {[%clk 0:02:26]} 35. Qd7
{[%clk 0:29:37]} Rg5 {[%clk 0:01:48]} 36. Qxc6 {[%clk 0:27:19]} Nxg2
{[%clk 0:01:55]} 37. Qxg2 {[%clk 0:24:52]} Rxg2+ {[%clk 0:02:24]} 38. Kxg2
{[%clk 0:25:10]} Ra8 {[%clk 0:02:33]} 39. Rc2 {[%clk 0:24:30]} Kf8
{[%clk 0:02:42]} 40. Kf3 {[%clk 0:24:03]} Ke7 {[%clk 0:03:07]} 41. Rc7+
{[%clk 0:24:20]} Kd6 {[%clk 0:01:44]} 42. Rc3 {[%clk 0:22:20]} Kd5
{[%clk 0:01:48]} 43. Ke3 {[%clk 0:22:40]} Rb8 {[%clk 0:01:33]} 44. Rc5+
{[%clk 0:22:36]} Kd6 {[%clk 0:01:57]} 45. b4 {[%clk 0:22:57]} Ra8
{[%clk 0:02:21]} 46. Rc3 {[%clk 0:22:39]} Rb8 {[%clk 0:02:44]} 47. Kd3
{[%clk 0:22:46]} Rb5 {[%clk 0:02:28]} 48. Rc5 {[%clk 0:22:40]} Rb7
{[%clk 0:02:57]} 49. b5 {[%clk 0:18:01]} Ra7 {[%clk 0:03:15]} 50. Rc3
{[%clk 0:18:10]} Ra5 {[%clk 0:03:32]} 51. Kc4 {[%clk 0:17:09]} Ra4+
{[%clk 0:03:49]} 52. Kb3 {[%clk 0:16:25]} Rxd4 {[%clk 0:04:05]} 53. b6
{[%clk 0:16:47]} Rd1 {[%clk 0:04:14]} 54. Ka4 {[%clk 0:16:54]} Rb1
{[%clk 0:04:25]} 55. Ka5 {[%clk 0:17:16]} Kd7 {[%clk 0:04:15]} 56. Ka6
{[%clk 0:16:50]} Rb2 {[%clk 0:04:09]} 57. b7 {[%clk 0:17:01]} e5 {[%clk 0:04:32]}
58. a4 {[%clk 0:17:02]} e4 {[%clk 0:04:55]} 59. Rc5 {[%clk 0:16:56]} Rb4
{[%clk 0:05:00]} 60. Rb5 1-0

[Event "PMPJ 2022 - C15"]
[Site "Jastrzebia Gora"]
[Date "2022.11.06"]
[Round "1.11"]
[White "Grzebieniowski, Michal"]
[Black "Spytek, Hubert"]
[Result "1-0"]
[BlackElo "1416"]
[WhiteElo "1665"]
[LiveChessVersion "1.4.4"]

1. d4 {[%clk 1:30:57]} Nf6 {[%clk 1:30:51]} 2. c4 {[%clk 1:31:09]} g6
{[%clk 1:31:19]} 3. Nf3 {[%clk 1:31:32]} Bg7 {[%clk 1:31:36]} 4. Nc3
{[%clk 1:31:54]} d5 {[%clk 1:32:01]} 5. cxd5 {[%clk 1:31:51]} Nxd5
{[%clk 1:32:19]} 6. e3 {[%clk 1:32:16]} Nb6 {[%clk 1:31:52]} 7. Be2
{[%clk 1:32:34]} Bg4 {[%clk 1:31:16]} 8. O-O {[%clk 1:32:49]} O-O
{[%clk 1:31:38]} 9. h3 {[%clk 1:32:06]} Bxf3 {[%clk 1:31:37]} 10. Bxf3
{[%clk 1:32:26]} c6 {[%clk 1:31:33]} 11. Qc2 {[%clk 1:31:37]} Na6
{[%clk 1:30:50]} 12. a3 {[%clk 1:30:47]} Nc7 {[%clk 1:28:47]} 13. Rd1
{[%clk 1:26:02]} e5 {[%clk 1:13:45]} 14. dxe5 {[%clk 1:22:42]} Qe7
{[%clk 1:13:00]} 15. Bd2 {[%clk 1:22:35]} Rfd8 {[%clk 1:06:19]} 16. Ne4
{[%clk 1:19:08]} Bxe5 {[%clk 1:04:01]} 17. Bb4 {[%clk 1:15:19]} Qe8
{[%clk 0:54:30]} 18. Nc5 {[%clk 1:14:41]} Nbd5 {[%clk 0:50:45]} 19. Nxb7
{[%clk 1:03:13]} Rdb8 {[%clk 0:40:52]} 20. Na5 {[%clk 1:03:31]} Rb6
{[%clk 0:30:40]} 21. Nc4 {[%clk 0:58:53]} Nxb4 {[%clk 0:19:59]} 22. axb4
{[%clk 0:59:20]} Rxb4 {[%clk 0:16:28]} 23. Nxe5 {[%clk 0:58:17]} Qxe5
{[%clk 0:16:03]} 24. Qxc6 {[%clk 0:57:42]} a5 {[%clk 0:08:54]} 25. Rac1
{[%clk 0:55:17]} Ra7 {[%clk 0:03:25]} 26. Rd7 {[%clk 0:53:31]} Nb5
{[%clk 0:02:39]} 27. Rc5 {[%clk 0:52:51]} Qe8 {[%clk 0:00:33]} 28. Rxa7
{[%clk 0:31:53]} Qxc6 {[%clk 0:00:42]} 29. Rxc6 {[%clk 0:32:17]} Nxa7
{[%clk 0:01:06]} 30. Ra6 {[%clk 0:32:28]} Nb5 {[%clk 0:01:28]} 31. Rxa5
{[%clk 0:32:52]} Rxb2 {[%clk 0:01:48]} 32. Ra8+ {[%clk 0:33:10]} Kg7
{[%clk 0:02:16]} 33. Rb8 {[%clk 0:33:18]} Rb1+ {[%clk 0:02:04]} 34. Kh2
{[%clk 0:33:42]} Nc3 {[%clk 0:01:53]} 35. Rc8 {[%clk 0:34:09]} Nb5
{[%clk 0:00:58]} 36. Rd8 {[%clk 0:33:42]} Rc1 {[%clk 0:00:54]} 37. Rb8
{[%clk 0:33:48]} Rc5 {[%clk 0:00:47]} 38. Rb7 {[%clk 0:34:05]} Nc3
{[%clk 0:00:43]} 39. Rd7 {[%clk 0:34:17]} Nb5 {[%clk 0:00:47]} 40. Rb7
{[%clk 0:33:43]} Nc3 {[%clk 0:01:04]} 41. Bg4 {[%clk 0:33:00]} Rc6
{[%clk 0:00:46]} 42. Re7 {[%clk 0:30:57]} Rf6 {[%clk 0:00:42]} 43. Bf3
{[%clk 0:31:13]} Nb5 {[%clk 0:00:39]} 44. Kg3 {[%clk 0:31:18]} Nd6
{[%clk 0:00:52]} 45. e4 {[%clk 0:31:02]} Nb5 {[%clk 0:00:37]} 46. Be2
{[%clk 0:30:40]} Nc3 {[%clk 0:00:43]} 47. Bc4 {[%clk 0:30:39]} Kf8
{[%clk 0:00:47]} 48. Re5 {[%clk 0:30:14]} Rc6 {[%clk 0:00:41]} 49. Bd5
{[%clk 0:30:04]} Rd6 {[%clk 0:00:49]} 50. f3 {[%clk 0:28:46]} h6 {[%clk 0:00:43]}
51. Bc4 {[%clk 0:28:47]} Rc6 {[%clk 0:00:37]} 52. Bf1 {[%clk 0:29:03]} Nb1
{[%clk 0:00:36]} 53. Rd5 {[%clk 0:29:17]} Rc7 {[%clk 0:00:42]} 54. h4
{[%clk 0:29:04]} Nc3 {[%clk 0:01:01]} 55. Ra5 {[%clk 0:29:30]} Nb1
{[%clk 0:01:04]} 56. Ra6 {[%clk 0:27:55]} Kg7 {[%clk 0:01:21]} 57. Kf4
{[%clk 0:27:28]} Nd2 {[%clk 0:01:27]} 58. Bb5 {[%clk 0:26:36]} Nb3
{[%clk 0:01:43]} 59. Rd6 {[%clk 0:25:57]} Nc5 {[%clk 0:01:33]} 60. Bc4
{[%clk 0:25:18]} Nb7 {[%clk 0:01:42]} 61. Rd4 {[%clk 0:25:41]} Nc5
{[%clk 0:01:48]} 62. Bd5 {[%clk 0:26:00]} Rd7 {[%clk 0:01:24]} 63. Rc4
{[%clk 0:25:41]} Na6 {[%clk 0:01:26]} 64. Ra4 {[%clk 0:24:34]} Nc7
{[%clk 0:01:33]} 65. Ra5 {[%clk 0:24:50]} Re7 {[%clk 0:01:29]} 66. Ke3
{[%clk 0:20:48]} Ne8 67. Kd4 {[%clk 0:20:53]} Nf6 {[%clk 0:01:15]} 68. Ra2
{[%clk 0:20:08]} Ne8 {[%clk 0:01:25]} 69. Kc5 {[%clk 0:19:43]} Rc7+
{[%clk 0:01:20]} 70. Kb6 {[%clk 0:20:03]} Re7 {[%clk 0:00:47]} 71. Rc2
{[%clk 0:19:29]} Nf6 {[%clk 0:00:39]} 72. Rc8 {[%clk 0:19:00]} Nd7+
{[%clk 0:00:45]} 73. Kc6 {[%clk 0:19:15]} Nf8 {[%clk 0:00:56]} 74. Ra8
{[%clk 0:18:44]} Ne6 {[%clk 0:00:37]} 75. Kd6 {[%clk 0:18:57]} Kf6
{[%clk 0:01:03]} 76. e5+ {[%clk 0:19:22]} 1-0

[Event "PMPJ 2022 - C15"]
[Site "Jastrzebia Gora"]
[Date "2022.11.06"]
[Round "1.12"]
[White "Pieczulis, Hubert"]
[Black "Jendrowiak, Maciej"]
[Result "1/2-1/2"]
[BlackElo "1664"]
[WhiteElo "1412"]
[LiveChessVersion "1.4.4"]

1. e4 {[%clk 1:30:55]} c5 {[%clk 1:30:50]} 2. Nf3 {[%clk 1:30:55]} d6
{[%clk 1:31:14]} 3. Bb5+ {[%clk 1:30:52]} Bd7 {[%clk 1:31:26]} 4. Bxd7+
{[%clk 1:30:16]} Nxd7 {[%clk 1:31:16]} 5. O-O {[%clk 1:30:19]} Ngf6
{[%clk 1:31:10]} 6. Qe2 {[%clk 1:29:50]} g6 {[%clk 1:30:20]} 7. c3
{[%clk 1:28:29]} Bg7 {[%clk 1:27:38]} 8. Rd1 {[%clk 1:27:56]} O-O
{[%clk 1:27:15]} 9. d4 {[%clk 1:26:20]} cxd4 {[%clk 1:23:49]} 10. cxd4
{[%clk 1:26:43]} d5 {[%clk 1:21:22]} 11. e5 {[%clk 1:24:07]} Ne4 {[%clk 1:21:40]}
12. Nc3 {[%clk 1:23:54]} Nxc3 {[%clk 1:21:43]} 13. bxc3 {[%clk 1:24:19]} e6
{[%clk 1:21:16]} 14. Nd2 {[%clk 1:11:00]} Nb6 {[%clk 1:17:52]} 15. a4
{[%clk 1:07:03]} Rc8 {[%clk 1:14:35]} 16. a5 {[%clk 0:55:34]} Nc4
{[%clk 1:14:22]} 17. Nxc4 {[%clk 0:55:07]} Rxc4 {[%clk 1:14:43]} 18. Bd2
{[%clk 0:55:21]} Qd7 {[%clk 1:13:44]} 19. Rdb1 {[%clk 0:55:07]} Rfc8
{[%clk 1:05:28]} 20. Rb3 {[%clk 0:53:47]} R8c7 {[%clk 1:00:20]} 21. Qd1
{[%clk 0:50:00]} Ra4 {[%clk 0:48:30]} 22. g3 {[%clk 0:41:49]} Rxa1
{[%clk 0:45:01]} 23. Qxa1 {[%clk 0:42:08]} Qc6 {[%clk 0:44:50]} 24. Qb2
{[%clk 0:38:03]} h5 {[%clk 0:41:19]} 25. Rb5 {[%clk 0:36:13]} Qd7
{[%clk 0:39:19]} 26. h4 {[%clk 0:31:35]} Kh7 {[%clk 0:38:06]} 27. Kf1
{[%clk 0:20:52]} Bh6 {[%clk 0:35:14]} 28. Bxh6 {[%clk 0:19:55]} Kxh6
{[%clk 0:35:34]} 29. Qb4 {[%clk 0:20:17]} Kg7 {[%clk 0:27:52]} 30. Rc5
{[%clk 0:18:37]} Rxc5 {[%clk 0:24:30]} 31. Qxc5 {[%clk 0:19:01]} a6
{[%clk 0:24:36]} 32. Ke2 {[%clk 0:18:15]} Qa4 {[%clk 0:22:28]} 33. Qb4
{[%clk 0:12:43]} 1/2-1/2

[Event "PMPJ 2022 - C15"]
[Site "Jastrzebia Gora"]
[Date "2022.11.06"]
[Round "1.13"]
[White "Stepinski, Piotr"]
[Black "Bajer, Tomasz"]
[Result "1-0"]
[BlackElo "1409"]
[WhiteElo "1663"]
[LiveChessVersion "1.4.4"]

1. e4 {[%clk 1:30:53]} Nf6 {[%clk 1:30:50]} 2. e5 {[%clk 1:29:42]} Nd5
{[%clk 1:31:15]} 3. d4 {[%clk 1:30:08]} d6 {[%clk 1:31:40]} 4. c4
{[%clk 1:30:27]} Nb6 {[%clk 1:32:02]} 5. exd6 {[%clk 1:30:51]} exd6
{[%clk 1:31:32]} 6. Nc3 {[%clk 1:30:54]} Be7 {[%clk 1:30:56]} 7. Be3
{[%clk 1:30:37]} O-O {[%clk 1:30:28]} 8. Be2 {[%clk 1:27:37]} Re8
{[%clk 1:26:43]} 9. Nf3 {[%clk 1:26:19]} Bg4 {[%clk 1:22:58]} 10. b3
{[%clk 1:18:00]} Bf6 {[%clk 1:17:47]} 11. O-O {[%clk 1:16:59]} Nc6
{[%clk 1:10:28]} 12. Rc1 {[%clk 1:11:13]} Nc8 {[%clk 1:04:09]} 13. Nd5
{[%clk 1:05:08]} Bxf3 {[%clk 0:49:57]} 14. Bxf3 {[%clk 1:02:37]} Nb6
{[%clk 0:49:39]} 15. Qd2 {[%clk 0:55:51]} Nxd5 {[%clk 0:44:07]} 16. Bxd5
{[%clk 0:55:55]} Qd7 {[%clk 0:41:39]} 17. b4 {[%clk 0:48:18]} Nd8
{[%clk 0:32:20]} 18. Rfe1 {[%clk 0:48:02]} c6 {[%clk 0:29:46]} 19. Bf3
{[%clk 0:47:10]} Ne6 {[%clk 0:22:46]} 20. d5 {[%clk 0:45:37]} Nc7
{[%clk 0:21:00]} 21. dxc6 {[%clk 0:44:30]} bxc6 {[%clk 0:21:24]} 22. b5
{[%clk 0:43:05]} d5 {[%clk 0:21:04]} 23. bxc6 {[%clk 0:43:17]} Qxc6
{[%clk 0:21:25]} 24. cxd5 {[%clk 0:43:38]} Qd6 {[%clk 0:20:23]} 25. Bf4
{[%clk 0:43:29]} Bc3 {[%clk 0:16:17]} 26. Qxc3 {[%clk 0:36:28]} Qxf4
{[%clk 0:16:28]} 27. d6 {[%clk 0:36:23]} Nb5 {[%clk 0:06:54]} 28. Bxa8
{[%clk 0:36:05]} Rxe1+ {[%clk 0:06:48]} 29. Rxe1 {[%clk 0:35:39]} Nxd6
{[%clk 0:07:07]} 30. Qc8+ {[%clk 0:36:03]} Nxc8 {[%clk 0:07:34]} 31. Re8#
{[%clk 0:34:54]} 1-0

[Event "PMPJ 2022 - C15"]
[Site "Jastrzebia Gora"]
[Date "2022.11.06"]
[Round "1.14"]
[White "Klys, Kacper"]
[Black "Szymkiewicz, Witold"]
[Result "0-1"]
[BlackElo "1658"]
[WhiteElo "1406"]
[LiveChessVersion "1.4.4"]

1. Nf3 {[%clk 1:30:57]} d5 {[%clk 1:30:28]} 2. d4 {[%clk 1:31:26]} Nf6
{[%clk 1:30:47]} 3. c4 {[%clk 1:31:54]} dxc4 {[%clk 1:31:06]} 4. Nc3
{[%clk 1:31:07]} c6 {[%clk 1:28:56]} 5. a4 {[%clk 1:30:20]} Bf5 {[%clk 1:24:44]}
6. e3 {[%clk 1:26:03]} Na6 {[%clk 1:22:57]} 7. Bxc4 {[%clk 1:00:48]} Nb4
{[%clk 1:22:49]} 8. e4 {[%clk 1:01:05]} Nxe4 {[%clk 1:20:20]} 9. Nxe4
{[%clk 1:00:09]} Bxe4 {[%clk 1:19:50]} 10. Bxf7+ {[%clk 1:00:36]} Kxf7
{[%clk 1:18:52]} 11. Ng5+ {[%clk 1:01:05]} Ke8 {[%clk 1:18:17]} 12. Nxe4 Qxd4
{[%clk 1:16:53]} 13. Qxd4 {[%clk 0:53:57]} Nc2+ {[%clk 1:17:17]} 14. Kd2
{[%clk 0:53:30]} Nxd4 {[%clk 1:17:39]} 15. Kc3 {[%clk 0:53:53]} e5
{[%clk 1:08:10]} 16. Bg5 {[%clk 0:50:17]} a5 {[%clk 1:07:26]} 17. Nd2
{[%clk 0:49:07]} h6 {[%clk 1:05:14]} 18. Be3 {[%clk 0:48:53]} Bb4+
{[%clk 1:04:50]} 19. Kd3 {[%clk 0:49:12]} Rd8 {[%clk 1:04:23]} 20. Ke4
{[%clk 0:49:25]} Bxd2 {[%clk 1:04:32]} 21. Bxd2 {[%clk 0:49:37]} Nb3
{[%clk 1:04:38]} 22. Bc3 {[%clk 0:49:39]} Nxa1 {[%clk 1:05:01]} 23. Rxa1
{[%clk 0:50:07]} Rf8 {[%clk 0:58:56]} 24. f3 {[%clk 0:49:27]} Rf4+
{[%clk 0:57:09]} 25. Ke3 {[%clk 0:49:51]} Rf5 {[%clk 0:55:20]} 26. g4
{[%clk 0:49:22]} Rf7 {[%clk 0:54:31]} 27. Bxe5 {[%clk 0:47:47]} Re7
{[%clk 0:53:04]} 28. Kf4 {[%clk 0:47:03]} g5+ {[%clk 0:53:13]} 29. Kf5
{[%clk 0:47:28]} Rd5 {[%clk 0:53:24]} 30. Re1 {[%clk 0:47:54]} Kf7
{[%clk 0:53:50]} 31. Re2 {[%clk 0:48:06]} Re6 {[%clk 0:54:13]} 32. h3
{[%clk 0:47:09]} Rf6+ {[%clk 0:54:28]} 33. Ke4 {[%clk 0:47:36]} Rxe5+
{[%clk 0:54:51]} 0-1